Wszyscy strzelcy bramek dla Polski w cyklu eliminacyjnym do Euro 2024 - Statystyki

Ogólne statystyki
  • Ten quiz został rozwiązany 167 razy
  • Średni wynik to 7 z 9
Statystyki odpowiedzi
Ilość bramek Zawodnik % Poprawnych
3 Robert Lewandowski
100%
2 Karol Świderski
91%
1 Piotr Zieliński
89%
1 Arkadiusz Milik
87%
1 Damian Szymański
77%
2 Sebastian Szymański
77%
1 Adam Buksa
75%
2 Jakub Piotrowski
68%
1 Przemysław Frankowski
57%
Nie znaleziono quizów pasujących do podanych kryteriów
Rozkład punktacji
Procent ludzi z każdym wynikiem
Percentyl według liczby udzielonych odpowiedzi
Twoja historia wyników
Nie rozwiązałeś tego quizu